Normal view
MARC view
Entry Personal Name
001 - CONTROL NUMBER
- control field: 44723
003 - CONTROL NUMBER IDENTIFIER
- control field: ARRUPE
005 - DATE AND TIME OF LATEST TRANSACTION
- control field: 20190218143218.0
008 - FIXED-LENGTH DATA ELEMENTS
- fixed length control field: 190218|| aca||aabn | a|a d
040 ## - CATALOGING SOURCE
- Original cataloging agency: ARRUPE
- Transcribing agency: ARRUPE
100 ## - HEADING--PERSONAL NAME
- Personal name: Kahn, John Ellison (ed.)
670 ## - SOURCE DATA FOUND
- Source citation: Work cat.: (ARRUPE)129045: Kahn, John Ellison (ed.), How to write and speak better, 1993